Statistical and computational inverse problems (Record no. 7332)

MARC details
000 -LEADER
fixed length control field 00582 a2200193 4500
001 - CONTROL NUMBER
control field 133000
003 - CONTROL NUMBER IDENTIFIER
control field OSt
005 - DATE AND TIME OF LATEST TRANSACTION
control field 20220404103448.0
008 - FIXED-LENGTH DATA ELEMENTS--GENERAL INFORMATION
fixed length control field
020 ## - INTERNATIONAL STANDARD BOOK NUMBER
International Standard Book Number 9780387220734
082 ## - DEWEY DECIMAL CLASSIFICATION NUMBER
Classification number 515.357
Item number K12S
100 1# - MAIN ENTRY--PERSONAL NAME
Personal name Kaipio, Jari
245 1# - TITLE STATEMENT
Title Statistical and computational inverse problems
Statement of responsibility, etc by Jari Kaipio and Erkki Somersalo
260 ## - PUBLICATION, DISTRIBUTION, ETC. (IMPRINT)
Place of publication, distribution, etc New York
Name of publisher, distributor, etc Springer
Date of publication, distribution, etc 2005
300 ## - PHYSICAL DESCRIPTION
Extent 339p.
690 ## - LOCAL SUBJECT ADDED ENTRY--TOPICAL TERM (OCLC, RLIN)
Topical term or geographic name as entry element Inverse problems (Differential equations); Mathematical physics; Biomedical engineering
700 ## - ADDED ENTRY--PERSONAL NAME
Personal name Somersalo, Erkki
942 ## - ADDED ENTRY ELEMENTS (KOHA)
Source of classification or shelving scheme Dewey Decimal Classification
Koha item type Books
Holdings
Withdrawn status Lost status Source of classification or shelving scheme Damaged status Not for loan Collection code Home library Current library Date acquired Source of acquisition Total Checkouts Full call number Barcode Date last seen Price effective from Koha item type
    Dewey Decimal Classification     General Text Book Central University Of Rajasthan Central University Of Rajasthan 25/07/2012 MTH   515.357 K12S 10585 21/11/2024 02/09/2020 Books